000 00419nam a2200133Ia 4500
008 151001s9999||||xx |||||||||||||| ||und||
100 _aनिखिलानंद
245 _aमाताजी
250 _a1
260 _bमहाराष्ट्र राज्य साहित्य संस्कुती मंडळ मुंबई
260 _c1972
300 _a320
365 _b21
999 _c967880
_d967877